书目信息 |
| 题名: |
工程力学 第二部分
|
|
| 作者: | 沈养中 主编 | |
| 分册: | ||
| 出版信息: | 北京 高等教育出版社 2000.07 |
|
| 页数: | 135页 | |
| 开本: | 26cm | |
| 丛书名: | ||
| 单 册: | ||
| 中图分类: | TB12-43 | |
| 科图分类: | ||
| 主题词: | 工程力学 | |
| 电子资源: | ||
| ISBN: | 7-04-007997-6 | |
| 000 | 00598nam0 2200205 45 | |
| 001 | 0231177120 | |
| 005 | 20081024154604.54 | |
| 010 | @a7-04-007997-6@dRMB 9.80 | |
| 100 | @a20020611d2000 km y0chiy0120 ea | |
| 101 | 0 | @achi |
| 102 | @aCN@b110000 | |
| 200 | 1 | @a工程力学 第二部分@Agong cheng li xue di er bu fen@f沈养中主编@Fshen yang zhong zhu bian |
| 210 | @a北京@c高等教育出版社@d2000.07 | |
| 215 | @a135页@d26cm | |
| 300 | @a高职高专教材 | |
| 606 | 0 | @a工程力学 |
| 690 | @aTB12-43@v3 | |
| 701 | 0 | @a沈养中@Ashen yang zhong@4主编 |
| 801 | 0 | @aCN@bPFT@c20081024 |
| 905 | @a安徽大学@dTB12-43@eS420 | |
| 工程力学 第二部分/沈养中主编.-北京:高等教育出版社,2000.07 |
| 135页;26cm |
| 高职高专教材 |
| ISBN 7-04-007997-6:RMB 9.80 |
| ● |
| 相关链接 |
|
|
|
正题名:工程力学 第二部分
索取号:TB12-43/S420
 
预约/预借
| 序号 | 登录号 | 条形码 | 馆藏地/架位号 | 状态 | 备注 |
| 1 | 361839 | 203618399 | 自科库501/501自科库 3排3列5层/ [索取号:TB12-43/S420] | 在馆 | |
| 2 | 361840 | 203618406 | 自科二线504/504自科库 32排2列5层/ [索取号:TB12-43/S420] | 在馆 | |
| 3 | 361841 | 203618415 | 自科库501/501自科库 3排3列5层/ [索取号:TB12-43/S420] | 在馆 | |
| 4 | 459843 | 204598435 | 自科库501/501自科库 3排3列5层/ [索取号:TB12-43/S420] | 在馆 | |
| 5 | 459844 | 204598444 | 自科二线504/504自科库 32排2列5层/ [索取号:TB12-43/S420] | 在馆 | |
| 6 | 459845 | 204598453 | 自科二线504/504自科库 32排2列5层/ [索取号:TB12-43/S420] | 在馆 |